000 00552nam a22001817a 4500
999 _c189978
_d189978
005 20220715111718.0
010 _aENG-133594
020 _a9788179753842
_c650.00
035 _aEN-117126
037 _bDBAD/PUB
082 _a070.43
100 _aPande,B.D.
245 _aModern Journalism, Mass Communication and Media Management
_cby B.D.Pande
260 _aNew Delhi
_bAnamika Publishers
_c2011
270 _a4697/3,21A,Ansari Road,Daryaganj,
_bNew Delhi
_e110002
300 _a331p.
_c23cm(Hb)
942 _2ddc
_cEN
_h070.43
_mPAN